000
00197 a2200097 4500
001
8669
100
_a
Liswood,L.A
245
_a
Women World Leaders
260
_a
_b
Pandora
_c
090
_c
6984
_d
6984
942
_a
NUST-CAE
_c
M
_c
33582
999
_c
243742
_d
243742